Statistics for Popular Social Media by Country

Click here to take the quiz!

General Stats

  • This quiz has been taken 35 times
  • The average score is 28 of 40

Answer Stats

HintRankAnswer% Correct
Japan3Instagram
100%
Morocco2Instagram
100%
United States3Instagram
100%
Indonesia3Instagram
100%
United Kingdom4Instagram
100%
India2Instagram
100%
United Kingdom2Facebook
97%
Japan4Facebook
97%
United States1Facebook
97%
Morocco1Facebook
97%
India3Facebook
97%
Indonesia1Facebook
97%
China3Douyin (TikTok)
90%
United Kingdom3Facebook Messenger
90%
India5Facebook Messenger
90%
Russia4TikTok
90%
United States4Tiktok
90%
Japan5Tiktok
90%
United States2Youtube
90%
United Kingdom5X/Twitter
87%
Japan2X/Twitter
87%
United States5Snapchat
81%
Russia1Whatsapp
77%
Morocco3Whatsapp
77%
United Kingdom1Whatsapp
77%
Indonesia4Whatsapp
77%
India1Whatsapp
77%
Morocco4X/Twitter
71%
Indonesia5X/Twitter
71%
India4Telegram
42%
Russia2Telegram
42%
Morocco5Linkedin
29%
China2WeChat
29%
Russia3VK
13%
Japan1Line
10%
China1Sina Weibo
10%
China4Tencent QQ
10%
China5Baidu TIeba
6%
Russia5Odnoklassniki
3%
Indonesia2PeachAvocado
3%

Score Distribution

Percentile by Number Answered

Percent of People with Each Score

Your Score History

You have not taken this quiz